| 000 | 00918nam a22002537a 4500 | ||
|---|---|---|---|
| 005 | 20170123162342.0 | ||
| 010 | _aB-080766 | ||
| 020 |
_c95.00 _a81876697907 |
||
| 035 | _aB-080766 | ||
| 037 | _bCen Lib/Ret | ||
| 040 |
_aDPL _bUR |
||
| 082 |
_a842 _bم ہ ن |
||
| 100 |
_aموہنتی، اکشے کمار _9108766 |
||
| 245 |
_a مجھے افسوس ہے : _cاکشےکمار موہنتی _bڈرامہ / |
||
| 246 |
_aMujhe Afsos hai : drama / _bby Akshay Kumar Mohanti |
||
| 260 |
_aدہلی _bایجوکیشنل پبلشنگ ہاؤس _c2003 |
||
| 270 |
_a٣١٠٨، گلی عزیزددیں وکیل کوچہ پنڈت لال کوان _bدہلی _e110006 |
||
| 300 |
_a123p. _c21cm(Hb) |
||
| 650 |
_a ادب - اردو _9127650 |
||
| 650 |
_a اردو ڈرامہ _9127651 |
||
| 650 |
_aLiterature -- Urdu _9127652 |
||
| 650 |
_aUrdu Drama _9127653 |
||
| 942 |
_2ddc _cUR _h842 _mم ہ ن |
||
| 999 |
_c108572 _d108572 |
||